Modern Talking - songs (medium) - Statistics

General Stats
  • This quiz has been taken 29 times
  • The average score is 7 of 10
Answer Stats
Text Song % Correct
I feel the magic there's be no tragic Lucky guy
100%
My china girl, don't go oh I can't, oh I can't oh I can't ignore China in her eyes
79%
Love is easy, hate is wrong find the way babe, way back home Give me peace on earth
79%
Everybody loves their lover everybody's undercover Just we two (Mona Lisa)
79%
We can win, we can win right from the start Win the race
74%
I hear your heartbeat, heartbeat, heartbeat playing with my mind Do you wanna
68%
They said : Oh yeah, it's a tough world you're restless and you're young With a little love
68%
You're my angel, oh, count on me gimme high, high energy Just like an angel
63%
4 - 6 - 0 - 1 - East Avenue why does my heart, beats just for you Last exit to Brooklyn
58%
Love takes time, it's hard to find that it's true The night is yours-the night is mine
47%
No matching quizzes found
Score Distribution
Percent of People with Each Score
Percentile by Number Answered
Your Score History
You have not taken this quiz